<?xml version="1.0" encoding="UTF-8"?><?xml-stylesheet type="text/xsl" href="static/style.xsl"?><OAI-PMH xmlns="http://www.openarchives.org/OAI/2.0/" xmlns:xsi="http://www.w3.org/2001/XMLSchema-instance" xsi:schemaLocation="http://www.openarchives.org/OAI/2.0/ http://www.openarchives.org/OAI/2.0/OAI-PMH.xsd"><responseDate>2026-06-01T12:18:01Z</responseDate><request verb="GetRecord" identifier="oai:riuma.uma.es:10630/26134" metadataPrefix="marc">https://riuma.uma.es/rest/oai/request</request><GetRecord><record><header><identifier>oai:riuma.uma.es:10630/26134</identifier><datestamp>2026-02-03T11:45:33Z</datestamp><setSpec>com_10630_2254</setSpec><setSpec>col_10630_37956</setSpec></header><metadata><record xmlns="http://www.loc.gov/MARC21/slim" xmlns:dcterms="http://purl.org/dc/terms/" xmlns:doc="http://www.lyncode.com/xoai" xmlns:xsi="http://www.w3.org/2001/XMLSchema-instance" xsi:schemaLocation="http://www.loc.gov/MARC21/slim http://www.loc.gov/standards/marcxml/schema/MARC21slim.xsd">
   <leader>00925njm 22002777a 4500</leader>
   <datafield ind2=" " ind1=" " tag="042">
      <subfield code="a">dc</subfield>
   </datafield>
   <datafield ind2=" " ind1=" " tag="720">
      <subfield code="a">Triano Milán, José Manuel</subfield>
      <subfield code="e">author</subfield>
   </datafield>
   <datafield ind2=" " ind1=" " tag="260">
      <subfield code="c">2019</subfield>
   </datafield>
   <datafield ind2=" " ind1=" " tag="520">
      <subfield code="a">La reciente atención de la historiografía sobre los procesos de inclusión y exclusión en las ciudades castellanas bajomedievales nos está permitiendo reinterpretar muchos de nuestros conocimientos sobre la realidad social en estos espacios. En el presente trabajo utilizaremos los padrones fiscales de Sevilla y su alfoz, el territorio mejor documentado de todo este ámbito político, para abordar esta cuestión a lo largo del siglo XV. Más allá de su valor como fuente para la historia demográfica y económica, estos testimonios nos dotan de una perspectiva privilegiada para abordar el estudio de diversos niveles de encuadramiento social. Algo posible gracias a la función de estos documentos como referencia del estatus en base a los conceptos de riqueza y privilegio</subfield>
   </datafield>
   <datafield ind1="8" ind2=" " tag="024">
      <subfield code="a">https://hdl.handle.net/10630/26134</subfield>
   </datafield>
   <datafield tag="653" ind2=" " ind1=" ">
      <subfield code="a">Fiscalidad - Historia</subfield>
   </datafield>
   <datafield ind2="0" ind1="0" tag="245">
      <subfield code="a">Contribuir para no ser excluido. Sistemas de tasación fiscal y estructura social en Sevilla y su tierra (s. XV)</subfield>
   </datafield>
</record>
</metadata></record></GetRecord></OAI-PMH>